00720nam a22001817a 4500003000900000008004100009040007100050082002000121245007200141260005200213300004400265440003400309505011200343650002400455650001500479650001300494700003100507AR-CdUCM190425b ||||| |||| 00| 0 spa d aMUNICIPALIDAD PROVINCIAL DEL CUSCOcBIBLIOTECA MUNICIPAL DEL CUSCO aSur/N°184/1991 aSur :bsemanario regional surandino /cGuido Delran Cousy, Director aCusco.bCentro Bartolomé de las Casas,c1991. a8 páginas. :bilustraciones ;c29 cm. aSur.nAño XIV, N°184,1991. aContenido: Campesinos peruanos se pauperizan. -- Instituto Americano de Arte nueva gente nuevo aliento. ... aSociedad cusqueña aPolítica aSiglo XX aGutiérrez Samanez, Julio